000 00690nam a2200193 u 4500
005 20241022063657.0
008 170606s2014 r 000 0 eng d
035 _aUPN01000218378
049 _aC
050 4 _aLB1578.4 N3
_bS5.8
100 1 _aSilva Hernández, Fernando
_942124
245 1 0 _aVocabulario básico :
_bnáhuatl-español : material de apoyo didáctico para las niñas y los niños indígenas de educación básica /
_cFernando Silva Hernández.
260 _aMéxico :
_bSEP,
_c2014.
300 _a108 p. :
_bil. col.
650 4 _aNahuas
_vGlosarios, vocabularios, etc
_921027
650 4 _aNáhuatl
_vDiccionarios
_xEspañol
_913234
905 _aLibro
999 _c190478
_d190478